000
00320nam a22001217a 4500
008
181023b xxu||||| |||| 00| 0 eng d
041
_a
eng
080
_a
701
100
_a
45
101
_a
ART
245
_a
Presents the global past in a comprehensive, evenhanded, and open-minded fashion.
_c
Sivers, P
942
_2
udc
_c
BK
999
_c
50733
_d
50733